000 00661nam a2200241 a 4500
999 _c4464
_d4464
001 4464
003 BD-JhCC
005 20171128130109.0
008 171127s1965 enk |||| ||a| 00| 0 eng d
035 _a(BD-JhCC)4464
040 _aBD-JhCC
_dBD-JhCC
041 _aeng
082 _a420.7
_bHEL 1965
100 _aHalliday, M. A. K.
245 _aThe Linguistic Sciences and Language Teaching /
_cM. A. K. Halliday; Angus Mcintosh, Peter Strevens
260 _aLondon :
_bLongmans,
_c1964.
300 _a321 p. :
_c22 cm.
650 _aLinguistic English
700 _aMcintosh, Angus
700 _aStrevens, Peter
942 _2ddc
_cBK